000 01093nam a22002537a 4500
005 20170714161513.0
010 _a1516EN07 ENG-114757
020 _c495.00
_a9788178243924
020 _c650.00 (AV)
_a9788178243924
035 _aB-612510-520
035 _aB-668037
037 _bTechniz/VEN
_aDPL
037 _bDBAD/PUB
082 _a809
100 _aMehrotra, Arvind Krishna
245 _aPartial recall :
_cby Arvind Krishna Mehrotra
_bessays on literature and literary history /
260 _aRanikhet
_bPermanent Black
_c2014
270 _bRanikhet
_e263645
_aHimalayana,Mall Road, Ranikhet Cantt.
300 _a289p.
_c22cm(pbk)
500 _aIncludes bibliographical references
942 _2ddc
_cEN
_mMEH
_h809
999 _c96222
_d96222